| 000 | 00700cab a22002055a 4500 | ||
|---|---|---|---|
| 001 | L140379 | ||
| 008 | 070829e20071409xxko f 000 0 eng d | ||
| 035 | _a(Sirsi) u140379 | ||
| 041 | 0 | _aeng | |
| 100 | 1 | _aHatcher, David | |
| 245 | 0 | 0 |
_aRegional report _bCity, City fringe and Docklands |
| 260 | _c2007 | ||
| 490 | 0 |
_aProperty Week _v72(37) 14 September 2007, 85-112(8) |
|
| 520 | _aIncludes market news from around the region; City rental growth; plans to build a beach on the bank of the Thames; office constuction developments. | ||
| 590 | _aka | ||
| 651 | 4 |
_aEngland _y886- |
|
| 690 | _aPROPERTY-COMMERCIAL PROPERTY-COMMERCIAL PROPERTY MARKET | ||
| 700 | 1 | _aHipwell, Deirdre | |
| 942 | _n0 | ||
| 999 |
_c79262 _d79262 |
||